000 00642cam a2200241 4500
001 B998
008 090401t1987 xxu||||| |||| 00| 0 eng d
035 _a(Sirsi) u39007
041 _aeng
050 _a340.57017
110 _aLaw Society of England and Wales
_91639
245 _aSolicitors` indemnity rules 1987
260 _aLondon
_bLaw Society
_c1987
300 _a31p. ; 21cm.
350 _a11
520 _aPublished as a supplement to The Law Society`s Gazette.
650 _aINDEMNITY RULES
650 _aInsurance
_96249
650 _aPROFESSIONAL PRACTICE
650 _aSOLICITORS
942 _n0
948 _c04/03/1997
999 _c90745
_d90745